00576nam a2200157 a 4500008004100000020001500041050001400056100001300070245005200083260003400135300001700169350000900186995008400195999001700279952012200296120416s0000 ||||||||||||||||| || u a0844808725 aTR 810 Lo aLo, C. P10aGeographical applications of aerial photography aNew YorkbCrane, Russakc1976 a330p. : ill. a0.00 D0.00FCBU-MAIN LIBRARY (Kitwe)H1I8.95UAVAILABLEZAnnex Low-Usage Collection  c44455d44455 00102lcc4070a001b001cAnnex Low-Usage Collection d2022-11-30l0oTR 810 Lop017556r2022-11-30w2022-11-30y002